000 01359nam a2200337Ia 4500
001 ebr10463842
003 CaPaEBR
006 m u
007 cr cn|||||||||
008 080308r20082008enkc sb 001 0 eng d
020 _z9781855757356
020 _z1855757354
040 _aCaPaEBR
_cCaPaEBR
035 _a(OCoLC)727951264
050 1 4 _aBF575.E65
_bE58 2008eb
245 0 0 _aEnvy and gratitude revisited
_h[electronic resource] /
_cedited by Priscilla Roth & Alessandra Lemma ; foreword by R. Horacio Etchegoyen.
260 _aLondon :
_bKarnac,
_c2008.
300 _axvii, 252 p. :
_bport.
490 1 _aPsychoanalytic ideas and applications series
504 _aIncludes bibliographical references and index.
533 _aElectronic reproduction.
_bPalo Alto, Calif. :
_cebrary,
_d2011.
_nAvailable via World Wide Web.
_nAccess may be limited to ebrary affiliated libraries.
600 1 0 _aKlein, Melanie.
_tEnvy and gratitude
_xCriticism, Textual.
650 0 _aEnvy.
650 0 _aGratitude.
655 7 _aElectronic books.
_2local
700 1 _aRoth, Priscilla Lenore.
700 1 _aLemma, Alessandra.
710 2 _aebrary, Inc.
830 0 _aPsychoanalytic ideas and applications series.
856 4 0 _uhttp://site.ebrary.com/lib/rucke/Doc?id=10463842
_zAn electronic book accessible through the World Wide Web; click to view
999 _c129180
_d129180